000 00989cab a2200265 4500
001 ABS55891
008 090401t1996 xxu||||| |||| 00| 0 eng d
035 _a(Sirsi) u19503
041 _aeng
100 _aGriffiths, M.
245 _aAgriculture and environmental policy integration
260 _c1996
350 _a0
490 _aRural Practice Bulletin
_vJuly/August 1996, 33-35(3)
520 _aOutlines a report prepared for the RICS on "EU Environmental Policy and UK Agriculture". The report considers the prospect for greater environmental integration within the CAP as a result of initiatives proposed by the Commission and examines the level of environmental legislation created in the form of Directives. Statistics.
650 _aAGRICULTURE
650 _aCAP
650 _aENVIRONMENTAL POLICY
650 _aEUROPEAN COMMISSION
650 _aEUROPEAN UNION
650 _aRURAL DEVELOPMENT
690 _aRURAL PRACTICE
942 _n0
948 _c04/03/1997
999 _c13025
_d13025